000 00590nam a2200241Ia 4500
003 0100
008 130307s9999 xx 000 0 und d
020 _a0060406658
040 _cARRUPELIB
050 _aPN4162.S38 1988
100 _aSeidler, Ann G
245 _aVoice and diction fitness
245 _ba comprehensive approach
260 _aLondon
260 _bHarperCollins
260 _c1988
300 _axiii
300 _b329 p. : ill. 24 cm.
650 _bZambia--Religion
650 _cReligious education--Zambia
700 _aBianchi, Doris Balin
942 0 0 _02
999 _c97801
_d97801